000 00380 a2200109 4500
001 ART_2579
005 20260410161719.0
008 260409a
245 1 0 _aBases Teórica para la mediación del Patrimonio Coorporativo en moneda corriente recuperable
100 1 _aBiondi, Mario
773 0 _tContabilidad y auditoría
_g- Año 17, Nº 33 (jun. 2011)
_wREV1723
999 _c16796
_d16796